Statistics for Largest cities in Mozambique

Click here to take the quiz!

General Stats

  • This quiz has been taken 57 times
  • The average score is 3 of 5

Answer Stats

Answer% Correct
Maputo
98%
Beira
73%
Nampula
63%
Matola
53%
Chimoio
28%

Score Distribution

Percentile by Number Answered

Percent of People with Each Score

Your Score History

You have not taken this quiz